| 000 | 01118nam a22003257a 4500 | ||
|---|---|---|---|
| 003 | CHAP | ||
| 005 | 20220329143310.0 | ||
| 008 | 080317d200500 us abd r 00110 eng d | ||
| 010 | _a94611 | ||
| 011 | _a95583 | ||
| 020 | _a1578083818 | ||
| 035 | _a106210 | ||
| 040 | _cCHAP | ||
| 082 | 0 | 4 |
_a632.7 _bS4 |
| 100 | 1 |
_aSharma, Hari Chand _e, ed. _9105506 |
|
| 245 | 1 | 0 |
_aHeliothis/helicoverpa management : _bemerging trends and strategies for future research _c/ed. by Hari C. Sharma |
| 260 |
_aEnfield, New Hampshire : _bScience Publishers, _c2005 |
||
| 300 |
_axi, 469 p. : _bilus. ; gráfs. ; cuadros |
||
| 590 |
_aBATCH-UPD _b10 _c20130110 _lUCH01 _h0331 |
||
| 590 |
_aBATCH-UPD _b10 _c20130110 _lUCH01 _h1745 |
||
| 590 |
_aCONVERSION _b10 _c20130109 _lUCH01 _h1352 |
||
| 650 | 1 | 4 |
_aCultivos _xPlagas. _930305 |
| 650 | 1 | 4 |
_aHelicoverpa. _953430 |
| 650 | 1 | 4 |
_aHeliothis. _953436 |
| 650 | 1 | 4 |
_aInsecticidas _xEfecto en plagas. _958870 |
| 650 | 1 | 4 |
_aInsectos _xResistencia a insecticidas. _958941 |
| 901 | _aBK | ||
| 942 | _cLIBRO | ||
| 949 |
_a632.7 S4 _bBC _cLIBRO _d33724002053439 _eLIBRO _gI.c/e _h109267 _i106210 _si _t$930.75 |
||
| 999 |
_c94611 _d94611 |
||